| 000 | 00754nam 22001813 4500 | ||
|---|---|---|---|
| 001 | 199622 | ||
| 090 | _a199622 | ||
| 100 | _a20251218d u||y0pory50 ba | ||
| 200 |
_aO Algarve na perspectiva da antropologia ecológica _forganização Instituto Nacional de Investigação Científica, Universidade do Algarve |
||
| 210 |
_a[Lisboa] _cInstituto Nacional de Investigação Científica _dimp. 1989 |
||
| 215 |
_a475, [5] p. _cbrochado _d24 cm |
||
| 606 |
_92051 _aAntropologia Cultural. Etnologia. Etnografia. Usos e Costumes. Tradições. Modo de vida. Folclore |
||
| 675 |
_a39 _vPT _zpor |
||
| 710 |
_915429 _aInstituto Nacional de Investigação Científica |
||
| 711 |
_915430 _aUniversidade do Algarve |
||
| 801 |
_aPT _bBMMN _gRPC |
||
| 830 | _cVanda | ||
| 990 | _cLIVROS | ||